header

Learning policy (Record no. 1282)

MARC details
000 -LEADER
fixed length control field 01402nam a2200361 a 4500
082 04 - DEWEY DECIMAL CLASSIFICATION NUMBER
Classification number 379.41
100 1# - MAIN ENTRY--AUTHOR NAME
Personal name Ainley, Patrick.
245 10 - TITLE STATEMENT
Title Learning policy
260 ## - PUBLICATION, DISTRIBUTION, ETC. (IMPRINT)
Place of publication Basingstoke :
Name of publisher Macmillan,
Year of publication 1999.
300 ## - PHYSICAL DESCRIPTION
Number of Pages vii,236p.
650 #0 - SUBJECT ADDED ENTRY--TOPICAL TERM
Topical Term Education and state
Topical Term Economic development
Topical Term Occupational training
Topical Term Vocational education
856 40 - ELECTRONIC LOCATION AND ACCESS
Uniform Resource Identifier http://site.ebrary.com/lib/rucke/Doc?id=5001674

No items available.

© 2026 Rongo University
Contact us: librarian | system librarian | Rongo university